Catálogo
 En Linea

Recomponiendo la misión con Jesús : (Registro nro. 50580)

Detalles MARC
000 -CABECERA
campo de control de longitud fija 01108nam a22002777a 4500
003 - IDENTIFICADOR DEL NÚMERO DE CONTROL
campo de control DO-SdBNP
005 - FECHA Y HORA DE LA ÚLTIMA TRANSACCIÓN
campo de control 20210920122210.0
007 - CAMPO FIJO DE DESCRIPCIÓN FÍSICA--INFORMACIÓN GENERAL
campo de control de longitud fija ta
008 - DATOS DE LONGITUD FIJA--INFORMACIÓN GENERAL
campo de control de longitud fija 210920e2019 ||||e |||| 001 0aspa d
020 ## - NÚMERO INTERNACIONAL ESTÁNDAR DEL LIBRO
Número Internacional Estándar del Libro 978849491127
040 ## - FUENTE DE LA CATALOGACIÓN
Centro catalogador/agencia de origen DO-SdBNP
Lengua de catalogación spa
Centro/agencia transcriptor BNPHU
082 4# - NÚMERO DE LA CLASIFICACIÓN DECIMAL DEWEY
Número de edición 22
Número de clasificación 207.2
Número de documento/Ítem M183r
100 1# - ENTRADA PRINCIPAL--NOMBRE DE PERSONA
Nombre de persona Madrigal Mir, Carlos
Fechas asociadas al nombre 1960-
9 (RLIN) 79958
245 10 - MENCIÓN DE TÍTULO
Título Recomponiendo la misión con Jesús :
Resto del título Reflexiones sobre la misión, tarea global y sus implicaciones para el mundo /
Mención de responsabilidad, etc. Carlos Madrigal Mir.
250 ## - MENCIÓN DE EDICIÓN
Mención de edición 3ra.
260 ## - PUBLICACIÓN, DISTRIBUCIÓN, ETC.
Lugar de publicación, distribución, etc. Santo Domingo :
Nombre del editor, distribuidor, etc. Libertad,
Fecha de publicación, distribución, etc. 2019.
300 ## - DESCRIPCIÓN FÍSICA
Extensión 286 p. :
Dimensiones 20 cm.
500 ## - NOTA GENERAL
Nota general "Bogotá-Estambul, agosto de 2017".
505 ## - NOTA DE CONTENIDO CON FORMATO
Nota de contenido con formato Contenido
505 ## - NOTA DE CONTENIDO CON FORMATO
Nota de contenido con formato Peámbulo.
Título 1. El objetivo de la misión --
-- 2. El modelo de Jesús --
-- 3. Señor, muéstranos tu gloria --
-- 4. De las moscas a las arañas --
-- 5. Contextualización --
-- 6. La iglesia que anhela Jesús --
-- 7. En pos de lo supremo --
-- Una última reflexión --
590 ## - NOTA LOCAL (RLIN)
Nota local Inventariado, 2019 / SA
650 4# - PUNTO DE ACCESO ADICIONAL DE MATERIA--TÉRMINO DE MATERIA
9 (RLIN) 52805
Término de materia o nombre geográfico como elemento de entrada Misiones
650 4# - PUNTO DE ACCESO ADICIONAL DE MATERIA--TÉRMINO DE MATERIA
Término de materia o nombre geográfico como elemento de entrada Misión de la Iglesia
9 (RLIN) 79959
910 ## - DATOS DE OPCIÓN DEL USUARIO (OCLC)
Datos de opción del usuario Saquino
942 ## - ELEMENTOS DE PUNTO DE ACCESO ADICIONAL (KOHA)
Fuente del sistema de clasificación o colocación Dewey Decimal Classification
Tipo de ítem Koha Libro
Existencias
Estado de retiro Estado de pérdida Fuente del sistema de clasificación o colocación Restricciones de uso No para préstamo Código de colección Localización permanente Ubicación/localización actual Ubicación en estantería Fecha de adquisición Fuente de adquisición Total de préstamos Signatura topográfica completa Código de barras Fecha visto por última vez Precio válido a partir de Tipo de ítem Koha Nota pública Número de copia
    Dewey Decimal Classification   Préstamo en sala Monografías: Libros y Folletos Biblioteca Nacional Pedro Henríquez Ureña General   12.02.2021 Donado   BNPHU SG 207.2 M183r 2021-26814 20.09.2021 20.09.2021 Libro S/A e.3
    Dewey Decimal Classification Excluido de préstamo   Monografías: Libros y Folletos Biblioteca Nacional Pedro Henríquez Ureña Patrimonio Dominicano En catalogación 12.02.2021 Donado   BNPHU PD 207.2 M183r 2021-26812 20.09.2021 20.09.2021 Libro S/A  
    Dewey Decimal Classification Excluido de préstamo   Monografías: Libros y Folletos Biblioteca Nacional Pedro Henríquez Ureña Patrimonio Dominicano En catalogación 12.02.2021 Donado   BNPHU PD 207.2 M183r 2021-26813 20.09.2021 20.09.2021 Libro S/A e.2

Con tecnología Koha